Barrierefrei Wohnen : Schöne Lösungen für zukunftsorientierte Bauherren, Senioren und behinderte Menschen

Saved in:
Bibliographic Details
Main Author: Martin, Johannes (Author)
Format: Book
Language:German
Published: Taunusstein : Blottner, 2008
Subjects:
Tags: Add Tag
No Tags, Be the first to tag this record!

MARC

LEADER 00000nam a22000003a 4500
001 stu173023
005 20150617230015.3
008 081016s2008------------------------ger-d
020 |a 978-3-89367-114-4 
040 |a STU  |b slo 
041 0 |a ger 
100 1 |a Martin, Johannes  |4 aut 
245 1 |a Barrierefrei Wohnen :  |b Schöne Lösungen für zukunftsorientierte Bauherren, Senioren und behinderte Menschen 
260 |a Taunusstein :  |b Blottner,  |c 2008 
300 |a 126 s 
650 7 |a bezbariérové budovy  |2 stusub 
996 |b 284AU04040  |c A*6086  |l AA8180  |s P  |a 0  |w stu173023_0001